000 00704nam a22002417a 4500
003 UA-OsUOA
001 78011
007 ta
008 20110927b un ||||| |||| 00| 0 ukr d
100 _aКовальчук В.
700 _aСарай М.
090 _a330.1(075.8)
_bК56
942 _cBK
040 _aUA-OsUOA
_bukr
_cUA-OsUOA
_dUA-OsUOA
245 _aЕкономічна теорія
_bнавч. посібник за програмою державного екзамену
300 _a360 с.
955 _a2
041 _aukr
080 _a330.1(075.8)
260 _aТернопіль
_bАстон
_c2007
650 7 _a330 Економіка взагалі
_2UDC
999 _c364322
_d364322